All Countries Ever Bordering Turkey - Statistics

General Stats
  • This quiz has been taken 52 times
  • The average score is 24 of 52
Answer Stats
Time period Answer % Correct
1829-1912, 1919-1921, 1944-present Greece
100%
1944-1957, 1962-present Syria
95%
1882-1931, 1941-1944 United Kingdom
95%
1925-present Iran
93%
1932-1940, 1945-present Iraq
93%
1878-present Bulgaria
90%
1918-1920, 1991-present Armenia
88%
1748-1790, 1918-1919, 1991-present Azerbaijan
88%
1809-1812, 1843-1911, 1919-1940 France
88%
1547-1917 Russian Empire
88%
1398, 1461-1551, 1918-1920, 1991-present Georgia
86%
1921-1990 Soviet Union
81%
1527-1847 Austria
79%
1847-1877 Austria-Hungary
79%
1398-1401, 1513-1556, 1831-1839, 1867-1881 Egypt
79%
1398-1526, 1849 Hungary
71%
1877 Romania
71%
1878-1912 Serbia
69%
1522-1791 Spain
64%
1802-1817, 1824-1830, 1840-1917 Najd
62%
1459-1463 Bosnia
57%
1456, 1513-1568 Poland
57%
1417-1455, 1457-1512 Moldova
50%
1522-1829 Morocco
50%
1398-1468, 1502-1724, 1730-1924 Persian Empire
50%
1398-1478 Byzantine Empire
43%
1527-1796, 1806-1808 Republic of Venice
40%
1820 Sennar
40%
1555-1830, 1840-1866 Abyssinia
36%
1830-1838 Algiers
36%
1522-1533, 1535-1568 Hafsids
36%
1517-1540 Tahinds
36%
1475-1477 Crimea
33%
1456, 1478-1568 Lithuania
31%
1958–1961 United Arab Republic
26%
1398-1416, 1418-1419, 1422-1427, 1431-1435, 1442 Wallachia
26%
1478-1504 Golden Horde
12%
1575-1706, 1712-1803, 1916-1918 Hejaz
12%
1569-1792 Poland-Lithuania
7%
1468-1512 Aq Koyunlu
5%
1511-1546 Muscovy
5%
1958 Hashemite Arab Federation
2%
1517-1819 Hawwara
2%
1404-1467 Qara Qoyunlu
2%
1700-1792, 1818-1850 Al-Hasa
0%
1906-1917 Asir
0%
1478-1556 Astrakhan
0%
1724-1729 Hotaki Empire
0%
1854-1915 Jebel Shammar
0%
1748-1800 Karu
0%
1555-1830 Shewa
0%
1821-1830, 1840-1864 Shiluk
0%
No matching quizzes found
Score Distribution
Percent of People with Each Score
Percentile by Number Answered
Your Score History
You have not taken this quiz